000 00873cab a2200229 4500
001 ABS45214
008 090401t1991 xxu||||| |||| 00| 0 eng d
035 _a(Sirsi) u51565
041 _aeng
100 _aMoss, R.M.
245 _aLoad testing of floors and roofs
260 _c1991
350 _a0
490 _aStructural Engineer
_v69(19) 1 october 1991, 342-344(3)
520 _aExamines ways of testing the loadbearing capacity of floors and roofs using existing documentation, maintenance history, structural surveys and relevant codes of practice. References.
650 _aBUILT ENVIRONMENT-BUILDING ELEMENTS-COMPLETE BUILDING ELEMENTS-FLOORS
650 _aLOADBEARING CAPACITY
650 _aBUILT ENVIRONMENT-BUILDING ELEMENTS-COMPLETE BUILDING ELEMENTS-ROOFS
690 _aBUILT ENVIRONMENT-CONSTRUCTION DESIGN
942 _n0
948 _c04/03/1997
999 _c32012
_d32012